| 000 | 00878nam a22002057a 4500 | ||
|---|---|---|---|
| 001 | 121328 | ||
| 008 | 230124s2022 |||||o|||| 00| 0 eng d | ||
| 110 |
_91530 _aKnight Frank |
||
| 245 |
_aIndustrial Land Values - 2022 _c[Electronic resource] |
||
| 260 |
_bKnight Frank, _c2022 |
||
| 520 | _aPrices paid for industrial land in the UK have grown significantly over the past few years. Knight Frank seek the reasons why, aim to quantify the increase, and establish the trajectory of future growth. | ||
| 650 | _aCommercial Property | ||
| 650 | _aIndustrial Land | ||
| 650 | _aMarket Data | ||
| 651 | _aUnited Kingdom | ||
| 690 |
_96227 _aCommercial property |
||
| 700 | _aWilliams, Claire | ||
| 710 |
_91530 _aKnight Frank |
||
| 856 |
_uhttps://content.knightfrank.com/research/2504/documents/en/industrial-land-values-research-2022-9242.pdf _zAvailable on knightfrank.com |
||
| 999 |
_c121329 _d121329 |
||